[Event "IECG WC.2010.P.00023 email"]
[Site "IECG email"]
[Date "2006.06.05"]
[Round "?"]
[White "Manny, Rey"]
[Black "Foote, Ian"]
[Result "1-0"]
[WhiteElo "2304"]
[BlackElo "1972"]
[PlyCount "59"]
[EventDate "2006.06.05"]
[EventType "tourn (corr)"]
[EventRounds "6"]
[SourceTitle "Corr 2008"]
[Source "ChessBase"]
[SourceDate "2008.06.24"]
[SourceVersion "1"]
[SourceVersionDate "2008.06.24"]
[SourceQuality "1"]

1. d4 Nf6 2. Nf3 g6 3. c4 Bg7 4. Nc3 0-0 5. e4 d6 6. h3 e5 7. d5 Na6 8. Bg5 h6 9. Be3 Nc5 10. Nd2 a5 11. g4 c6 12. Be2 Bd7 13. h4 a4 14. g5 hxg5 15. hxg5 Nh7 16. Rg1 Qa5 17. Qb1 Rfb8 18. f3 Bf8 19. Rg2 Rc8 20. Kf2 Bg7 21. a3 Rab8 22. Qh1 Ra8 23. Qh4 Ra6 24. Rh1 Nf8 25. Rgh2 Rb6 26. Nd1 cxd5 27. Nc3 Be6 28. exd5 Bf5 29. Kg3 Rxb2 30. Bxc5 1-0

[Event "IECG CP.2003.S.00003 email"]
[Site "IECG email"]
[Date "2006.04.01"]
[Round "?"]
[White "Engelhard, Christof"]
[Black "Manny, Rey"]
[Result "1/2-1/2"]
[WhiteElo "2044"]
[BlackElo "2320"]
[PlyCount "71"]
[EventDate "2006.04.01"]
[EventType "tourn (corr)"]
[EventRounds "6"]
[EventCountry "GER"]
[SourceTitle "Corr 2008"]
[Source "ChessBase"]
[SourceDate "2008.06.24"]
[SourceVersion "1"]
[SourceVersionDate "2008.06.24"]
[SourceQuality "1"]

1. e4 e6 2. d4 d5 3. exd5 exd5 4. Nf3 Bd6 5. c4 c6 6. Nc3 Ne7 7. c5 Bc7 8. Bd3 0-0 9. 0-0 h6 10. h3 Bf5 11. Re1 Bxd3 12. Qxd3 Nd7 13. Bd2 Ng6 14. b4 b6 15. cxb6 Nxb6 16. b5 Nc4 17. bxc6 Rc8 18. Nb5 a6 19. Nxc7 Rxc7 20. h4 Qd6 21. Rab1 Rd8 22. h5 Nf4 23. Bxf4 Qxf4 24. Ne5 Nxe5 25. Rxe5 Rxc6 26. g3 Qg4 27. Kg2 Qc8 28. Rbe1 Rc3 29. Qd2 Rc4 30. Re7 Rc7 31. Qf4 Rxe7 32. Rxe7 Rf8 33. Ra7 Qc4 34. a3 Qa4 35. Qe3 Qc6 36. Qb3 1/2-1/2

[Event "IECG CP.2003.S.00003 email"]
[Site "IECG email"]
[Date "2006.04.01"]
[Round "?"]
[White "Manny, Rey"]
[Black "Daus, Peter"]
[Result "1/2-1/2"]
[WhiteElo "2320"]
[BlackElo "2337"]
[PlyCount "71"]
[EventDate "2006.04.01"]
[EventType "tourn (corr)"]
[EventRounds "6"]
[EventCountry "GER"]
[SourceTitle "Corr 2008"]
[Source "ChessBase"]
[SourceDate "2008.06.24"]
[SourceVersion "1"]
[SourceVersionDate "2008.06.24"]
[SourceQuality "1"]

1. d4 d5 2. Nf3 Nc6 3. e3 Bg4 4. Bb5 e6 5. Nbd2 Bd6 6. c4 dxc4 7. Bxc6+ bxc6 8. Qa4 Ne7 9. Qxc4 0-0 10. 0-0 Rb8 11. e4 Rb4 12. Qc3 Rb5 13. Ne5 Be2 14. Re1 Bb4 15. Qe3 f6 16. Qxe2 fxe5 17. Rd1 exd4 18. Nf3 Bc5 19. Be3 Nd5 20. Bg5 Ne7 21. b3 Qd6 22. Bxe7 Qxe7 23. Nxd4 Rb4 24. Nf3 a5 25. Qc2 Bb6 26. Rd2 a4 27. Rc1 axb3 28. axb3 h6 29. e5 Rb5 30. Rdd1 Rc5 31. Qe2 Rd8 32. Rxd8+ Qxd8 33. Rxc5 Bxc5 34. h4 Qd5 35. Qc4 Bb6 36. h5 1/2-1/2

[Event "IECG CP.2004.Q.00018 email"]
[Site "IECG email"]
[Date "2006.01.20"]
[Round "?"]
[White "Manny, Rey"]
[Black "Horak, Jiri"]
[Result "1/2-1/2"]
[WhiteElo "2259"]
[BlackElo "2146"]
[PlyCount "49"]
[EventDate "2006.01.20"]
[EventType "tourn (corr)"]
[EventRounds "6"]
[EventCountry "USA"]
[SourceTitle "Corr 2008"]
[Source "ChessBase"]
[SourceDate "2008.06.24"]
[SourceVersion "1"]
[SourceVersionDate "2008.06.24"]
[SourceQuality "1"]

1. d4 Nf6 2. Nf3 d5 3. e3 g6 4. Nbd2 Bg7 5. Bd3 0-0 6. 0-0 Nc6 7. c3 e5 8. dxe5 Ng4 9. Be2 Ngxe5 10. Nxe5 Nxe5 11. e4 dxe4 12. Nxe4 Bf5 13. Ng3 Be6 14. f4 Qxd1 15. Rxd1 Nc6 16. Bf3 Rfd8 17. Be3 Rxd1+ 18. Rxd1 Bxa2 19. Ra1 Bc4 20. Bxc6 bxc6 21. Rxa7 Rxa7 22. Bxa7 f5 23. Nf1 Bf8 24. Nd2 Bd5 25. Be3 1/2-1/2

[Event "IECG WC.2008.S.00007"]
[Site "IECG email"]
[Date "2005.07.17"]
[Round "?"]
[White "Carroll, Patrick J"]
[Black "Manny, Rey"]
[Result "0-1"]
[WhiteElo "2227"]
[BlackElo "2071"]
[PlyCount "100"]
[EventDate "2005.07.17"]
[EventType "tourn (corr)"]
[EventRounds "6"]
[SourceTitle "Corr 2008"]
[Source "ChessBase"]
[SourceDate "2008.06.24"]
[SourceVersion "1"]
[SourceVersionDate "2008.06.24"]
[SourceQuality "1"]

1. e4 e6 2. d4 d5 3. Nc3 Nf6 4. Bg5 Bb4 5. e5 h6 6. Bc1 Ne4 7. Qg4 g6 8. Nge2 c5 9. a3 Ba5 10. b4 Nxc3 11. Nxc3 cxd4 12. Nb5 Bc7 13. f4 a6 14. Nxd4 Bb6 15. c3 Bd7 16. Be3 Nc6 17. Bd3 Nxd4 18. cxd4 Rc8 19. 0-0 Bb5 20. Qe2 Qd7 21. Qd2 Bxd3 22. Qxd3 Qb5 23. Qd2 Rc4 24. Rfb1 Qa4 25. Rc1 0-0 26. Rxc4 dxc4 27. Qc3 Rc8 28. Rc1 Kg7 29. Kf1 Qc6 30. Kg1 Ba7 31. Kh1 Qe4 32. a4 Rd8 33. Rd1 b5 34. a5 Rd5 35. Qd2 Kh7 36. Bg1 f6 37. exf6 Bb8 38. Re1 Qf5 39. g3 Qxf6 40. Re4 Bd6 41. Qe1 Qf5 42. Rxe6 Bxb4 43. Qe2 c3 44. Rxa6 Rd7 45. Kg2 c2 46. Rc6 Bd2 47. Rc5 c1Q 48. Rxf5 gxf5 49. Qe6 Qc7 50. a6 Rf7 0-1

[Event "IECG CA.2005.0.00152"]
[Site "IECG email"]
[Date "2005.06.04"]
[Round "?"]
[White "Manny, Rey"]
[Black "Pantovic, Dragan M"]
[Result "1-0"]
[WhiteElo "2071"]
[BlackElo "2131"]
[PlyCount "55"]
[EventDate "2005.06.04"]
[EventType "tourn (corr)"]
[EventRounds "6"]
[SourceTitle "Corr 2008"]
[Source "ChessBase"]
[SourceDate "2008.06.24"]
[SourceVersion "1"]
[SourceVersionDate "2008.06.24"]
[SourceQuality "1"]

1. d4 d6 2. Nf3 g6 3. c4 Bg7 4. Nc3 Nf6 5. e4 0-0 6. h3 c5 7. d5 e6 8. Bd3 exd5 9. exd5 Nbd7 10. 0-0 Nh5 11. g4 Nhf6 12. Bf4 Nb6 13. Re1 Ne8 14. Qe2 Bd7 15. Qe7 Qc7 16. Qh4 Qd8 17. Bg5 f6 18. Bf4 a5 19. Re2 Na4 20. Nxa4 Bxa4 21. Rae1 Bd7 22. Re7 a4 23. Bd2 a3 24. b3 Rb8 25. Bc3 b5 26. cxb5 Bxb5 27. Bxb5 Rxb5 28. g5 1-0

[Event "IECG WC.2008.P.00015 email"]
[Site "IECG email"]
[Date "2004.03.05"]
[Round "?"]
[White "Ercan, Sezar"]
[Black "Manny, Rey"]
[Result "1-0"]
[WhiteElo "1500"]
[BlackElo "1700"]
[PlyCount "87"]
[EventDate "2004.03.05"]
[EventType "tourn (corr)"]
[EventRounds "6"]
[SourceTitle "Corr 2008"]
[Source "ChessBase"]
[SourceDate "2008.06.24"]
[SourceVersion "1"]
[SourceVersionDate "2008.06.24"]
[SourceQuality "1"]

1. d4 f5 2. g3 Nf6 3. Bg2 e6 4. Nf3 Be7 5. 0-0 0-0 6. b3 a5 7. a3 d6 8. c4 Nbd7 9. Bb2 Qe8 10. Nbd2 Qh5 11. Qc2 c6 12. e4 d5 13. cxd5 exd5 14. exd5 Nxd5 15. Nc4 f4 16. h3 a4 17. b4 N7b6 18. g4 Qh6 19. Nxb6 Nxb6 20. Rfe1 Bd6 21. Re2 Bd7 22. Rae1 Rac8 23. d5 Nxd5 24. Qxa4 Qg6 25. Qb3 Rf7 26. Be5 Re8 27. Bxd6 Rxe2 28. Rxe2 Qxd6 29. Ng5 Rf8 30. Qd3 g6 31. Qd4 h6 32. Re5 hxg5 33. Bxd5+ cxd5 34. Rxd5 Qf6 35. Qxf6 Rxf6 36. Rxd7 Ra6 37. Rd5 Rxa3 38. Rxg5 Kf7 39. Kg2 Rb3 40. Rb5 Kf6 41. h4 Ra3 42. Rxb7 Rd3 43. b5 Rb3 44. b6 1-0